000 00311nam a2200133Ia 4500
005 20251222152618.0
008 251222s9999||||xx |||||||||||||| ||spa||
020 _a8479690623
082 _a863.3/D35
100 _aDe Cervantes, Miguel
245 0 _aDon Quijote de la Mancha
264 _bEl Sol
942 _cLIB
999 _c27244
_d27244